Sports Quiz

Random Sports Quiz
Score 0/12 Timer 07:00
0 Plays Today
Answer % Correct
Jurgen Klopp
99.3%
Brendan Rodgers
98%
Rafa Benitez
96%
Kenny Dalglish
92.7%
Roy Hodgson
92.7%
Gerard Houllier
88.1%
Roy Evans
80.1%
Graeme Souness
79.5%
Bob Paisley
78.1%
Bill Shankly
72.8%
Joe Fagan
62.3%
Ronnie Moran
37.7%

You're not logged in!

Compare scores with friends on all Sporcle quizzes.
OR
Log In

Sporcle TV

Today on Sporcle TV


Watch our educational content, quiz creation guides, and fun videos on Sporcle TV.

Show Comments

Extras

Created Jun 11, 2017ReportNominate
Tags:last, Liverpool, Manager

Top Quizzes Today


Score Distribution

Paid Content

Your Account Isn't Verified!

In order to create a playlist on Sporcle, you need to verify the email address you used during registration. Go to your Sporcle Settings to finish the process.

Report this User

Report this user for behavior that violates our Community Guidelines.

Details: